<?xml version="1.0" encoding="UTF-8"?>
<record
    xmlns:xsi="http://www.w3.org/2001/XMLSchema-instance"
    xsi:schemaLocation="http://www.loc.gov/MARC21/slim http://www.loc.gov/standards/marcxml/schema/MARC21slim.xsd"
    xmlns="http://www.loc.gov/MARC21/slim">

  <leader>02927cam a22003854a 4500</leader>
  <controlfield tag="001">15950312</controlfield>
  <controlfield tag="003">OSt</controlfield>
  <controlfield tag="005">20220812131317.0</controlfield>
  <controlfield tag="008">091016s2011    maua     b    001 0 eng  </controlfield>
  <datafield tag="010" ind1=" " ind2=" ">
    <subfield code="a">  2009043593</subfield>
  </datafield>
  <datafield tag="016" ind1="7" ind2=" ">
    <subfield code="a">101517495</subfield>
    <subfield code="2">DNLM</subfield>
  </datafield>
  <datafield tag="020" ind1=" " ind2=" ">
    <subfield code="a">9780763766542</subfield>
  </datafield>
  <datafield tag="020" ind1=" " ind2=" ">
    <subfield code="a">0763766542</subfield>
  </datafield>
  <datafield tag="035" ind1=" " ind2=" ">
    <subfield code="a">(OCoLC)ocn458577901</subfield>
  </datafield>
  <datafield tag="040" ind1=" " ind2=" ">
    <subfield code="a">DNLM/DLC</subfield>
    <subfield code="c">DLC</subfield>
    <subfield code="d">NLM</subfield>
    <subfield code="d">C#P</subfield>
    <subfield code="d">YDXCP</subfield>
    <subfield code="d">CDX</subfield>
    <subfield code="d">BWX</subfield>
    <subfield code="d">DLC</subfield>
  </datafield>
  <datafield tag="042" ind1=" " ind2=" ">
    <subfield code="a">pcc</subfield>
  </datafield>
  <datafield tag="043" ind1=" " ind2=" ">
    <subfield code="a">n-us---</subfield>
  </datafield>
  <datafield tag="050" ind1="0" ind2="0">
    <subfield code="a">RT97.P83</subfield>
  </datafield>
  <datafield tag="060" ind1="0" ind2="0">
    <subfield code="a">2010 C-420</subfield>
  </datafield>
  <datafield tag="060" ind1="1" ind2="0">
    <subfield code="a">WY 108</subfield>
    <subfield code="b">P97625 2011</subfield>
  </datafield>
  <datafield tag="082" ind1="0" ind2="0">
    <subfield code="a">610.73/4</subfield>
    <subfield code="2">22</subfield>
  </datafield>
  <datafield tag="245" ind1="0" ind2="0">
    <subfield code="a">Public health nursing : practicing population-based care. /</subfield>
    <subfield code="c">edited by Marie Truglio-Londrigan, Sandra B. Lewenson.</subfield>
  </datafield>
  <datafield tag="260" ind1=" " ind2=" ">
    <subfield code="a">Sudbury, Mass. :</subfield>
    <subfield code="b">Jones and Bartlett Publishers,</subfield>
    <subfield code="c">2011.</subfield>
  </datafield>
  <datafield tag="300" ind1=" " ind2=" ">
    <subfield code="a">xxi, 417 p. :</subfield>
    <subfield code="b">ill. ;</subfield>
    <subfield code="c">23 cm.</subfield>
  </datafield>
  <datafield tag="504" ind1=" " ind2=" ">
    <subfield code="a">Includes bibliographical references and index.</subfield>
  </datafield>
  <datafield tag="505" ind1="0" ind2=" ">
    <subfield code="a">What is public health and public health nursing / Marie Truglio-Londrigan and Sandra B. Lewenson -- Public health nursing in the United States : a history / Sandra B. Lewenson -- Assessment : using the public health nursing assessment tool / Marie Truglio-Londrigan and Sandra B. Lewenson -- Fundamentals of epidemiology and social epidemiology / Susan Moscou -- Evidence-based practice from a public health perspective / Joanne K. Singleton ... [et al.] -- Applying technology in public health nursing / Martha Kelly, Sandra B. Lewenson, and Marie Truglio-Londrigan -- Considerations of culture in the health of the public / Astrid Hellier Wilson and Mary de Chesnay -- Hitting the pavement : intervention of case finding : outreach, screening, surveillance, and disease and health event investigation / Margaret Macali ... [et al.] -- Running the show : referral and follow-up, case management, delegated functions / Janna L. Dieckmann -- Working it out : consultation, counseling, and health teaching / Lin Drury -- Working together : collaboration, coalition building, and community organizing / Adrienne Wald -- Getting the word out : advocacy, social marketing, and policy development and enforcement / Susan Moscou -- Protecting, sustaining, and empowering : a historical perspective on the control of epidemics / Christine E. Hallett -- Historical highlights in disaster nursing / Barbara Mann Wall and Arlene Keeling -- Public health : costs, challenges, and considerations / Mary Alice Higgins Donius -- Nursing education and public health nursing / Cathleen M. Shultz and Karen Kelley.</subfield>
  </datafield>
  <datafield tag="650" ind1=" " ind2="0">
    <subfield code="a">Public health nursing</subfield>
    <subfield code="z">United States.</subfield>
    <subfield code="9">138</subfield>
  </datafield>
  <datafield tag="650" ind1=" " ind2="0">
    <subfield code="a">Evidence-based nursing</subfield>
    <subfield code="z">United States.</subfield>
    <subfield code="9">139</subfield>
  </datafield>
  <datafield tag="650" ind1="2" ind2="2">
    <subfield code="a">Models, Organizational</subfield>
    <subfield code="z">United States.</subfield>
    <subfield code="9">140</subfield>
  </datafield>
  <datafield tag="700" ind1="1" ind2=" ">
    <subfield code="a">Truglio-Londrigan, Marie.</subfield>
    <subfield code="9">141</subfield>
  </datafield>
  <datafield tag="700" ind1="1" ind2=" ">
    <subfield code="a">Lewenson, Sandra.</subfield>
    <subfield code="9">142</subfield>
  </datafield>
  <datafield tag="906" ind1=" " ind2=" ">
    <subfield code="a">7</subfield>
    <subfield code="b">cbc</subfield>
    <subfield code="c">orignew</subfield>
    <subfield code="d">1</subfield>
    <subfield code="e">ecip</subfield>
    <subfield code="f">20</subfield>
    <subfield code="g">y-gencatlg</subfield>
  </datafield>
  <datafield tag="942" ind1=" " ind2=" ">
    <subfield code="2">lcc</subfield>
    <subfield code="c">BK</subfield>
  </datafield>
  <datafield tag="999" ind1=" " ind2=" ">
    <subfield code="c">9136</subfield>
    <subfield code="d">16636</subfield>
  </datafield>
  <datafield tag="952" ind1=" " ind2=" ">
    <subfield code="0">0</subfield>
    <subfield code="1">0</subfield>
    <subfield code="2">lcc</subfield>
    <subfield code="4">0</subfield>
    <subfield code="7">0</subfield>
    <subfield code="a">WIUC-KL</subfield>
    <subfield code="b">WIUC-KL</subfield>
    <subfield code="c">NURS L.</subfield>
    <subfield code="d">2019-11-26</subfield>
    <subfield code="l">0</subfield>
    <subfield code="o">RT97.P83</subfield>
    <subfield code="p">KSN/695/695/19</subfield>
    <subfield code="r">2022-08-12 00:00:00</subfield>
    <subfield code="w">2022-08-12</subfield>
    <subfield code="y">BK</subfield>
  </datafield>
  <datafield tag="952" ind1=" " ind2=" ">
    <subfield code="0">0</subfield>
    <subfield code="1">0</subfield>
    <subfield code="2">lcc</subfield>
    <subfield code="4">0</subfield>
    <subfield code="7">0</subfield>
    <subfield code="a">WIUC-KL</subfield>
    <subfield code="b">WIUC-KL</subfield>
    <subfield code="c">NURS L.</subfield>
    <subfield code="d">2019-12-02</subfield>
    <subfield code="l">0</subfield>
    <subfield code="o">RT97.P831</subfield>
    <subfield code="p">KSN/940/940/19</subfield>
    <subfield code="r">2022-09-26 00:00:00</subfield>
    <subfield code="w">2022-08-12</subfield>
    <subfield code="y">BK</subfield>
  </datafield>
</record>
